LEADER 01026nam a2200229 i 4500 001 991003657899707536 005 20020506103230.0 008 930503s1989 it ||| | ita 035 $ab1053782x-39ule_inst 035 $aEXGIL124689$9ExL 040 $aBiblioteca Interfacoltà$bita 100 1 $aRuffolo, Giorgio$010461 245 10$aNota aggiuntiva del ministro Giorgio Ruffolo :$bpredisposta in occasione della trasmissione al Parlamento della relazione 1989 sullo stato dell'ambiente in Italia /$c[a cura del] Ministero dell'ambiente 260 $aRoma :$bIstituto poligrafico e Zecca dello Stato,$c1989 300 $a53 p. ;$c29 cm. 650 4$aAmbiente naturale$xProtezione$zItalia 907 $a.b1053782x$b02-04-14$c27-06-02 912 $a991003657899707536 945 $aLE002 Busta 132/4$g1$i2002000908971$lle002$o-$pE0.00$q-$rl$s- $t0$u0$v0$w0$x0$y.i10617309$z27-06-02 996 $aNota aggiuntiva del ministro Giorgio Ruffolo$9215586 997 $aUNISALENTO 998 $ale002$b01-01-93$cm$da $e-$fita$git $h0$i1 LEADER 01219nam0 22002891i 450 001 UON00421023 005 20231205104822.289 010 $a37-7400-402-1 100 $a20130320d1971 |0itac50 ba 101 $ager 102 $aDE 105 $a|||| 1|||| 200 1 $aDeutsche Literaturkritik der Gegenwart$eVorkrieg, Zweiter Weltkrieg und zweite Nachkriegszeit (1933-1968)$fherausgegeben von Hans Mayer 210 $aStuttgart$cGoverts Krüger Stahlberg$d1971 215 $a606 p.$d17 cm. 410 1$1001UON00417036$12001 $aNeue Bibliothek der Weltliteratur$1210 $aStuttgart$cHenry Goverts Verlag$d19- 606 $aLetteratura$xStudi$3UONC023782$2FI 620 $aDE$dWiesbaden$3UONL003153 676 $a801.95$cCritica letteraria$v21 700 1$aMayer$bHans$3UONV125127$00 712 $aGoverts Verlag$3UONV279946$4650 801 $aIT$bSOL$c20250606$gRICA 899 $aSIBA - SISTEMA BIBLIOTECARIO DI ATENEO$2UONSI 912 $aUON00421023 950 $aSIBA - SISTEMA BIBLIOTECARIO DI ATENEO$dSI TED 6 MAY 03 $eSI ST 6476/1 5 03 $sBuono 996 $aDeutsche Literaturkritik der Gegenwart$91334014 997 $aUNIOR